Normal view MARC view
  • Mushtaq,Ahmed, Khalid,Aroosha, Shahid,Mariam, Anjum,Rubab, Kinza-ul-Emaan,Syeda, & Idrees,Syeda Sidra

Entry Personal Name

Number of records used in: 3

001 - CONTROL NUMBER

  • control field: 5027

003 - CONTROL NUMBER IDENTIFIER

  • control field: NUST

005 - DATE AND TIME OF LATEST TRANSACTION

  • control field: 20170926165051.0

008 - FIXED-LENGTH DATA ELEMENTS

  • fixed length control field: 170926|| aca||aabn | a|a d

040 ## - CATALOGING SOURCE

  • Original cataloging agency: NUST
  • Transcribing agency: NUST

100 ## - HEADING--PERSONAL NAME

  • Personal name: Mushtaq,Ahmed, Khalid,Aroosha, Shahid,Mariam, Anjum,Rubab, Kinza-ul-Emaan,Syeda, & Idrees,Syeda Sidra

670 ## - SOURCE DATA FOUND

  • Source citation: Work cat.: (NUST): Mushtaq,Ahmed, Khalid,Aroosha, Shahid,Mariam, Anjum,Rubab, Kinza-ul-Emaan,Syeda, & Idrees,Syeda Sidra, Electoral transparency in Pakistan- a preamble for democracy, 2014
© 2023 Central Library, National University of Sciences and Technology. All Rights Reserved.